000 00306nam a2200121Ia 4500
008 190216s9999||||xx |||||||||||||| ||und||
100 _aMazhamangalam
245 0 _aBhasha Naishadachanyam
260 _bPoorna Pubs Kozhikode
300 _a193
650 _aMalayalam-Malayalam Language
942 _cBK
999 _c27013
_d27013